000 00899nas a2200289 4500
001 BR2011000094
003 BR-BrBNA
005 20231205114349.0
007 ta
008 230509b bl.|||p| |||| 00| 00por d
040 _aBR-BrBNA
_bpor
_cBiblioteca Nacional de Agricultura
041 _a(Pt)
072 _aF02; F08
100 1 _aOliveira, C.S.
100 1 _aCocco, C.
100 1 _aAndriolo, J.L.
100 1 _aBisognin, D.A.
100 1 _aErpen, L.
100 1 _aFranquez, G.G.
245 1 _aProdução e qualidade de propágulos de morangueiro em diferentes concentrações de nitrogênio no cultivo sem solo
650 _aMORANGO
650 _aCULTIVO HIDROPÔNICO
650 _aSUBSTRATO DE CULTURA
773 0 _tRevista Ceres (Brazil)
_xISSN 0034-737X
_g(Jul-Aug 2010), v. 57(4) p. 554-559
_wBR2011000094
909 _a202311
_bLúcia
_c55
_dLúcia Elande
942 _2AGRIS
_n0
_cANA
999 _c208436
_d208436